[Event "24. Copenhagen Open  (Politiken Cup)"]
[Site "Copenhagen"]
[Date "2002.07.26"]
[Round "11"]
[White "Dogru, Latif"]
[Black "McShane, Rod"]
[Result "1-0"]
[WhiteElo "1224"]
[BlackElo "1500"]
[PlyCount "101"]
[EventDate "2002.07.15"]
[EventType "swiss"]
[EventRounds "11"]
[EventCountry "DEN"]
[SourceDate "2004.01.01"]

1. e4 c5 2. Nc3 Nc6 3. f4 g6 4. Nf3 Bg7 5. Bb5 e6 6. O-O Nge7 7. d3 O-O 8. Qe1
a6 9. Bxc6 Nxc6 10. Be3 d6 11. g4 Nd4 12. Qf2 e5 13. f5 Nxf3+ 14. Qxf3 Qh4 15.
Nd5 b5 16. f6 Bxg4 17. Qg3 Qxg3+ 18. hxg3 Be6 19. Ne7+ Kh8 20. fxg7+ Kxg7 21.
Kg2 Bg4 22. Rh1 h5 23. Rh4 Ra7 24. Nd5 f6 25. Rhh1 Raf7 26. Raf1 f5 27. exf5
Bxf5 28. Bg5 Re8 29. Ne3 Be6 30. Rxf7+ Bxf7 31. Rf1 Be6 32. Kf3 d5 33. Ke2 d4
34. Nd1 Bg4+ 35. Kd2 e4 36. dxe4 Rxe4 37. Kc1 Bf5 38. Bd8 Re2 39. Rf2 Re1 40.
Bb6 Bg4 41. Rd2 Re4 42. c3 dxc3 43. Nxc3 Re1+ 44. Kc2 Bf5+ 45. Kb3 Be6+ 46. Kc2
c4 47. Rd6 Bf5+ 48. Kd2 Re8 49. Bd4+ Kh7 50. Rxa6 Rd8 51. Nxb5 1-0

[Event "24. Copenhagen Open  (Politiken Cup)"]
[Site "Copenhagen"]
[Date "2002.07.26"]
[Round "11"]
[White "El Kher, Henrik"]
[Black "Schandorff, Lars"]
[Result "1/2-1/2"]
[WhiteElo "2355"]
[BlackElo "2547"]
[PlyCount "37"]
[EventDate "2002.07.15"]
[EventType "swiss"]
[EventRounds "11"]
[EventCountry "DEN"]
[SourceDate "2004.01.01"]

1. Nf3 Nf6 2. d4 e6 3. Bg5 h6 4. Bh4 b6 5. e3 g5 6. Bg3 Nh5 7. Be5 f6 8. Nh4
Ng7 9. Qf3 fxe5 10. Qxa8 gxh4 11. Qxb8 exd4 12. exd4 Nf5 13. c3 c5 14. Bd3 Bd6
15. Qa8 O-O 16. Qe4 cxd4 17. cxd4 Qf6 18. Nc3 Qxd4 19. Qxd4 1/2-1/2

[Event "24. Copenhagen Open  (Politiken Cup)"]
[Site "Copenhagen"]
[Date "2002.07.26"]
[Round "11"]
[White "Epishin, Vladimir"]
[Black "Aaberg, Anton"]
[Result "1-0"]
[WhiteElo "2643"]
[BlackElo "2408"]
[PlyCount "73"]
[EventDate "2002.07.15"]
[EventType "swiss"]
[EventRounds "11"]
[EventCountry "DEN"]
[SourceDate "2004.01.01"]

1. d4 Nf6 2. c4 g6 3. Nc3 d5 4. Nf3 Bg7 5. Qb3 dxc4 6. Qxc4 O-O 7. e4 a6 8. Qb3
c5 9. dxc5 Qa5 10. Qb6 Qxb6 11. cxb6 Nbd7 12. h3 Nxb6 13. Be3 Nbd7 14. a4 Nb8
15. Bc4 Nc6 16. Rd1 Nd7 17. Ke2 Nde5 18. Nxe5 Nxe5 19. Bb3 Nc6 20. Bb6 Be5 21.
Rd3 Kg7 22. Rhd1 f5 23. Bc5 Re8 24. Nd5 fxe4 25. Re3 Be6 26. Rxe4 Bxd5 27. Bxd5
Bd6 28. Bb6 a5 29. f4 Rf8 30. g3 Bb4 31. g4 Ra6 32. Be3 Rd8 33. f5 Rd7 34. Re6
Rd6 35. f6+ exf6 36. Rxd6 Bxd6 37. Bc4 1-0

[Event "24. Copenhagen Open  (Politiken Cup)"]
[Site "Copenhagen"]
[Date "2002.07.26"]
[Round "11"]
[White "Frank Nielsen, Marie"]
[Black "Rusanov, Alex"]
[Result "1-0"]
[WhiteElo "1544"]
[BlackElo "1429"]
[PlyCount "55"]
[EventDate "2002.07.15"]
[EventType "swiss"]
[EventRounds "11"]
[EventCountry "DEN"]
[SourceDate "2004.01.01"]

1. e4 c5 2. Bc4 e6 3. Nc3 Be7 4. d3 Nc6 5. Nge2 Nf6 6. a3 d5 7. exd5 exd5 8.
Ba2 O-O 9. O-O d4 10. Ne4 Bf5 11. N4g3 Bg6 12. Nf4 Ne5 13. Re1 Bd6 14. Nxg6
Nxg6 15. Bg5 Bxg3 16. fxg3 h6 17. Bxf6 Qxf6 18. Rf1 Qc6 19. Qh5 Rae8 20. Rf5 b6
21. Raf1 Re7 22. Rf6 gxf6 23. Qxg6+ Kh8 24. Qxh6+ Kg8 25. Qg6+ Kh8 26. Qh6+ Kg8
27. h3 Re2 28. Qg6+ 1-0

[Event "24. Copenhagen Open  (Politiken Cup)"]
[Site "Copenhagen"]
[Date "2002.07.26"]
[Round "11"]
[White "Gutierrez Castillo, Paloma"]
[Black "Unmack, Christian"]
[Result "0-1"]
[WhiteElo "2088"]
[BlackElo "1993"]
[PlyCount "56"]
[EventDate "2002.07.15"]
[EventType "swiss"]
[EventRounds "11"]
[EventCountry "DEN"]
[SourceDate "2004.01.01"]

1. e4 e5 2. Bc4 Nf6 3. d3 Bc5 4. Nc3 Nc6 5. f4 d6 6. Nf3 a6 7. Ng5 O-O 8. f5 h6
9. Nh3 d5 10. Nxd5 Nxd5 11. Bxd5 Bxf5 12. exf5 Qxd5 13. Qg4 Qd4 14. Qg3 e4 15.
Nf2 Rfe8 16. Kf1 exd3 17. Nxd3 Qe4 18. Qf3 Qc4 19. Bf4 Nd4 20. b3 Qc3 21. Qd1
Bb6 22. Bd2 Qc6 23. Nb4 Qb5+ 24. Nd3 Qxf5+ 25. Bf4 Re4 26. g3 Qh3+ 27. Kf2 Nf5+
28. Kf3 Nh4+ 0-1

[Event "24. Copenhagen Open  (Politiken Cup)"]
[Site "Copenhagen"]
[Date "2002.07.26"]
[Round "11"]
[White "Hagen, Andreas Skytte"]
[Black "Greger, Roland Reinhard"]
[Result "1/2-1/2"]
[WhiteElo "2185"]
[BlackElo "2365"]
[PlyCount "127"]
[EventDate "2002.07.15"]
[EventType "swiss"]
[EventRounds "11"]
[EventCountry "DEN"]
[SourceDate "2004.01.01"]

1. Nf3 c5 2. c4 g6 3. e4 Bg7 4. d4 cxd4 5. Nxd4 Nc6 6. Be3 Nf6 7. Nc3 O-O 8.
Be2 d6 9. O-O Bd7 10. Qd2 a6 11. Rfd1 Rb8 12. Rac1 Re8 13. f3 Qa5 14. b3 Qh5
15. Nd5 e6 16. Nxf6+ Bxf6 17. f4 Qa5 18. Qxa5 Nxa5 19. Nf3 Bc6 20. b4 Bxe4 21.
bxa5 Bb2 22. Rxd6 Bxc1 23. Bxc1 Red8 24. Rxd8+ Rxd8 25. Be3 Bd3 26. Kf2 f6 27.
Nd2 Bxe2 28. Kxe2 Rc8 29. Kd3 Kf7 30. Bd4 Rd8 31. Kc3 h6 32. Ne4 e5 33. fxe5
fxe5 34. Bxe5 Ke6 35. Bg3 Kd7 36. Nf2 Re8 37. Kd2 Kc6 38. Nd3 g5 39. Bf2 h5 40.
Bb6 Re4 41. a3 Kd6 42. Be3 Rg4 43. g3 h4 44. gxh4 Rxh4 45. Bxg5 Rxh2+ 46. Kc3
Rh1 47. Be3 Kc7 48. Bb6+ Kb8 49. Nb4 Rh3+ 50. Kb2 Rh4 51. Kb3 Rh3+ 52. Kb2 Rh2+
53. Kc3 Rh3+ 54. Nd3 Rh1 55. Kd4 Rh3 56. Nb4 Rxa3 57. Kc5 Rc3 58. Nd5 Rc1 59.
Bc7+ Ka7 60. Nb6 Rh1 61. Kd6 Rh6+ 62. Kd7 Rh7+ 63. Kc8 Rxc7+ 64. Kxc7 1/2-1/2

[Event "24. Copenhagen Open  (Politiken Cup)"]
[Site "Copenhagen"]
[Date "2002.07.26"]
[Round "11"]
[White "Hansen, Alexei"]
[Black "Tretvold, Martin"]
[Result "1/2-1/2"]
[WhiteElo "1563"]
[BlackElo "1801"]
[PlyCount "23"]
[EventDate "2002.07.15"]
[EventType "swiss"]
[EventRounds "11"]
[EventCountry "DEN"]
[SourceDate "2004.01.01"]

1. e4 e5 2. Nf3 Nc6 3. Bb5 a6 4. Ba4 d6 5. c3 Bd7 6. O-O Be7 7. d4 Nf6 8. Re1
O-O 9. Bg5 b5 10. Bb3 Bg4 11. d5 Na5 12. Bc2 1/2-1/2

[Event "24. Copenhagen Open  (Politiken Cup)"]
[Site "Copenhagen"]
[Date "2002.07.26"]
[Round "11"]
[White "Hansen, Erik Friberg"]
[Black "Draeger, Michael"]
[Result "0-1"]
[WhiteElo "1165"]
[BlackElo "1549"]
[PlyCount "104"]
[EventDate "2002.07.15"]
[EventType "swiss"]
[EventRounds "11"]
[EventCountry "DEN"]
[SourceDate "2004.01.01"]

1. c4 Nf6 2. d4 c5 3. e3 e6 4. Nc3 b6 5. Nf3 d5 6. b3 Bb7 7. Be2 Be7 8. O-O O-O
9. Qc2 Nc6 10. a3 cxd4 11. exd4 Rc8 12. Qd1 dxc4 13. bxc4 Re8 14. Bb2 a6 15.
Ne5 Nxd4 16. Na2 Nxe2+ 17. Qxe2 Qc7 18. Rac1 Bc5 19. Nc3 Rcd8 20. Kh1 Bd4 21.
f4 Bxe5 22. fxe5 Nd7 23. Nd1 Nc5 24. Nc3 Rd3 25. Rcd1 Rxd1 26. Rxd1 Rd8 27.
Rxd8+ Qxd8 28. Qd1 Qxd1+ 29. Nxd1 Kf8 30. Kg1 Ke7 31. Nf2 Kd7 32. g3 Bf3 33. h4
Be2 34. Bd4 Bxc4 35. Bxc5 bxc5 36. Ne4 Kc6 37. Nd6 Kd5 38. Nxf7 Bd3 39. Kf2 c4
40. Ke1 c3 41. Kd1 Bg6 42. Ng5 c2+ 43. Kc1 Kxe5 44. Nf3+ Ke4 45. Ng5+ Kd5 46.
Nf3 e5 47. Ne1 Kc4 48. Nxc2 Bxc2 49. Kxc2 e4 50. Kd2 Kb3 51. Ke3 Kxa3 52. Kxe4
Kb2 0-1

[Event "24. Copenhagen Open  (Politiken Cup)"]
[Site "Copenhagen"]
[Date "2002.07.26"]
[Round "11"]
[White "Hansen, Martin Holmegaard"]
[Black "Jorgensen, Carina E"]
[Result "1/2-1/2"]
[WhiteElo "1926"]
[BlackElo "1643"]
[PlyCount "23"]
[EventDate "2002.07.15"]
[EventType "swiss"]
[EventRounds "11"]
[EventCountry "DEN"]
[SourceDate "2004.01.01"]

1. d4 Nf6 2. Nf3 g6 3. c4 Bg7 4. g3 d6 5. Bg2 O-O 6. O-O Nbd7 7. Nc3 Re8 8. e4
e5 9. d5 a5 10. Ne1 Nc5 11. Nd3 Nfd7 12. Nxc5 1/2-1/2

[Event "24. Copenhagen Open  (Politiken Cup)"]
[Site "Copenhagen"]
[Date "2002.07.26"]
[Round "11"]
[White "Hansen, Torbjorn Ringdal"]
[Black "Hillarp Persson, Tiger"]
[Result "0-1"]
[WhiteElo "2280"]
[BlackElo "2461"]
[PlyCount "102"]
[EventDate "2002.07.15"]
[EventType "swiss"]
[EventRounds "11"]
[EventCountry "DEN"]
[SourceDate "2004.01.01"]

1. c4 Nf6 2. Nc3 c5 3. g3 e6 4. Nf3 b6 5. Bg2 Bb7 6. O-O a6 7. d4 cxd4 8. Qxd4
d6 9. Bg5 Nbd7 10. Nd2 Bxg2 11. Kxg2 Be7 12. Nde4 Qc7 13. Rfd1 O-O 14. Nxd6
Rad8 15. Nce4 h6 16. Bh4 g5 17. Nxg5 hxg5 18. Bxg5 Qc5 19. Bh6 Bxd6 20. Qxd6
Rfe8 21. Rac1 Qh5 22. Qf4 Ng4 23. Qg5+ Qxg5 24. Bxg5 f6 25. Bh4 Kf7 26. Rd6
Nge5 27. Rcd1 Re7 28. b3 Ng6 29. Kh3 Nxh4 30. gxh4 Ke8 31. Rg1 Kf7 32. Rgd1 a5
33. Rxb6 Rh8 34. Ra6 Nc5 35. Rxa5 Ne4 36. Kg2 Rxh4 37. f3 Ng5 38. Ra8 Kg6 39.
a4 Kf5 40. a5 Rg7 41. Kf2 Nh3+ 42. Ke3 Nf4 43. Rdd8 Rxh2 44. a6 e5 45. Kd2 Nxe2
46. b4 Rgg2 47. b5 Nd4+ 48. Kc3 Rb2 49. Rxd4 Rhc2+ 50. Kd3 Rd2+ 51. Kc3 exd4#
0-1

[Event "24. Copenhagen Open  (Politiken Cup)"]
[Site "Copenhagen"]
[Date "2002.07.26"]
[Round "11"]
[White "Hau, Helge"]
[Black "Edvardsson, Hannu Kalervo"]
[Result "1/2-1/2"]
[WhiteElo "1503"]
[BlackElo "1300"]
[PlyCount "90"]
[EventDate "2002.07.15"]
[EventType "swiss"]
[EventRounds "11"]
[EventCountry "DEN"]
[SourceDate "2004.01.01"]

1. f4 e6 2. Nf3 Be7 3. Nc3 Nf6 4. d4 d6 5. e3 Bd7 6. b3 a6 7. Bd3 Nc6 8. h3 b5
9. Ne4 Nxe4 10. Bxe4 Rb8 11. d5 exd5 12. Qxd5 O-O 13. O-O Bf6 14. Rb1 Ne7 15.
Qd3 g6 16. Bb2 Bxb2 17. Rxb2 Bf5 18. Nd4 Bxe4 19. Qxe4 Qe8 20. Rf3 c5 21. Ne2
Nf5 22. Qd3 Qc6 23. Rb1 d5 24. Re1 Rfe8 25. Qd2 Rbd8 26. Kf2 d4 27. exd4 Nxd4
28. Rd3 Ne6 29. f5 Rxd3 30. Qxd3 Ng5 31. Kf1 h5 32. h4 Ne4 33. Nc3 Nxc3 34.
Rxe8+ Qxe8 35. Qxc3 Qe7 36. f6 Qd6 37. Qf3 Kh7 38. Ke2 Qe5+ 39. Kd2 Qd4+ 40.
Ke2 Qe5+ 41. Kf1 Qa1+ 42. Ke2 Qe5+ 43. Kd1 Qa1+ 44. Kd2 Qd4+ 45. Kc1 Qa1+
1/2-1/2

[Event "24. Copenhagen Open  (Politiken Cup)"]
[Site "Copenhagen"]
[Date "2002.07.26"]
[Round "11"]
[White "Hein, Jacob"]
[Black "Auchenberg, Einar"]
[Result "1-0"]
[WhiteElo "1305"]
[BlackElo "1654"]
[PlyCount "63"]
[EventDate "2002.07.15"]
[EventType "swiss"]
[EventRounds "11"]
[EventCountry "DEN"]
[SourceDate "2004.01.01"]

1. d4 Nf6 2. Nf3 e6 3. Bg5 h6 4. Bh4 b6 5. e4 g5 6. Nxg5 hxg5 7. Bxg5 Be7 8.
Qf3 Ba6 9. e5 Nd5 10. Bxe7 Qxe7 11. c4 Qb4+ 12. Nd2 Nc6 13. cxd5 Nxd4 14. Qe4
Bxf1 15. dxe6 Bxg2 16. exf7+ Ke7 17. Qxg2 Nc2+ 18. Kd1 Nxa1 19. Qg5+ Ke6 20.
Qf6+ Kd5 21. Qf5 Qe7 22. Qe4+ Ke6 23. Qg6+ Kd5 24. Qd3+ Kc6 25. Qe4+ d5 26.
exd6+ Kxd6 27. Nc4+ Kd7 28. Qd5+ Qd6 29. Nxd6 cxd6 30. Qb7+ Ke6 31. Re1+ Kf6
32. Qf3+ 1-0

[Event "24. Copenhagen Open  (Politiken Cup)"]
[Site "Copenhagen"]
[Date "2002.07.26"]
[Round "11"]
[White "Helin, Mikael"]
[Black "Lonborg, Morten"]
[Result "0-1"]
[WhiteElo "2016"]
[BlackElo "2152"]
[PlyCount "80"]
[EventDate "2002.07.15"]
[EventType "swiss"]
[EventRounds "11"]
[EventCountry "DEN"]
[SourceDate "2004.01.01"]

1. e4 c5 2. b4 cxb4 3. a3 e5 4. Bc4 Nc6 5. axb4 Bxb4 6. f4 Nf6 7. c3 Bc5 8. d3
O-O 9. f5 d5 10. exd5 Nxd5 11. Kf1 Bxf5 12. Nf3 Nb6 13. Bg5 Nxc4 14. Bxd8 Ne3+
15. Ke2 Nxd1 16. Bh4 Ne3 17. Ne1 Nd5 18. h3 Rfe8 19. g4 Bg6 20. Kd2 f6 21. Kc2
Rad8 22. Nd2 Nf4 23. Ne4 Nxd3 24. Nxc5 Nxc5+ 25. Kb2 Rd2+ 26. Ka3 e4 27. g5 f5
28. Bg3 Nd3 29. h4 Bh5 30. Rf1 g6 31. Rb1 b6 32. Rb5 Nxe1 33. Bxe1 Be2 34. Bxd2
Bxb5 35. c4 Bxc4 36. Rc1 Bb5 37. Bc3 f4 38. Bf6 f3 39. h5 f2 40. Rd1 f1=Q 0-1

[Event "24. Copenhagen Open  (Politiken Cup)"]
[Site "Copenhagen"]
[Date "2002.07.26"]
[Round "11"]
[White "Henriksen, Geir Ivar"]
[Black "Bengtsson, Ola"]
[Result "1-0"]
[WhiteElo "2209"]
[BlackElo "2075"]
[PlyCount "75"]
[EventDate "2002.07.15"]
[EventType "swiss"]
[EventRounds "11"]
[EventCountry "DEN"]
[SourceDate "2004.01.01"]

1. d4 Nf6 2. c4 g6 3. Nc3 Bg7 4. Nf3 O-O 5. Bg5 h6 6. Bh4 d6 7. e3 c6 8. Be2
Nbd7 9. O-O g5 10. Bg3 Nh5 11. Qc2 Nxg3 12. hxg3 f5 13. Bd3 e6 14. d5 Ne5 15.
Nxe5 Bxe5 16. Rab1 exd5 17. cxd5 c5 18. b4 b6 19. bxc5 bxc5 20. Ne2 f4 21. exf4
gxf4 22. gxf4 Bxf4 23. Nxf4 Rxf4 24. Rfe1 Qf8 25. Re3 Bf5 26. Rg3+ Kh8 27. Qc3+
Rd4 28. Rf3 Bxd3 29. Rxf8+ Rxf8 30. Rd1 Bf5 31. Rxd4 cxd4 32. Qxd4+ Kh7 33.
Qxa7+ Kg6 34. Qe7 Rf6 35. a4 Bc2 36. a5 Bb3 37. Qe4+ Rf5 38. g4 1-0

[Event "24. Copenhagen Open  (Politiken Cup)"]
[Site "Copenhagen"]
[Date "2002.07.26"]
[Round "11"]
[White "Jakobsen, Ole"]
[Black "Naes, Flovin Tor"]
[Result "1/2-1/2"]
[WhiteElo "2398"]
[BlackElo "2232"]
[PlyCount "84"]
[EventDate "2002.07.15"]
[EventType "swiss"]
[EventRounds "11"]
[EventCountry "DEN"]
[SourceDate "2004.01.01"]

1. d4 Nf6 2. c4 g6 3. Nc3 d5 4. Nf3 Bg7 5. e3 O-O 6. Be2 c5 7. O-O cxd4 8. exd4
Nc6 9. Re1 Re8 10. Bg5 Be6 11. cxd5 Nxd5 12. Qd2 Rc8 13. Bh6 Nxc3 14. bxc3 Na5
15. Bxg7 Kxg7 16. Bb5 Rf8 17. Ne5 Qd6 18. Rac1 a6 19. Bf1 b5 20. h4 h5 21. Bd3
Nc4 22. Bxc4 Bxc4 23. Re3 Rfd8 24. Rce1 b4 25. cxb4 Qxd4 26. Qxd4 Rxd4 27. Nf3
Rd6 28. Rc1 Be6 29. Rxc8 Bxc8 30. Rxe7 Be6 31. a4 Rb6 32. Ra7 Bd5 33. Ne5 Rxb4
34. Rxa6 Rxh4 35. Rd6 Be6 36. a5 Ra4 37. Nc6 Bc4 38. Ne5 Be2 39. Rd7 Kf6 40.
Rxf7+ Kxe5 41. Re7+ Kf6 42. Rxe2 Rxa5 1/2-1/2

[Event "24. Copenhagen Open  (Politiken Cup)"]
[Site "Copenhagen"]
[Date "2002.07.26"]
[Round "11"]
[White "Jensen, Alexander Lindberg"]
[Black "Jorgensen, Orla"]
[Result "1/2-1/2"]
[WhiteElo "1342"]
[BlackElo "1420"]
[PlyCount "87"]
[EventDate "2002.07.15"]
[EventType "swiss"]
[EventRounds "11"]
[EventCountry "DEN"]
[SourceDate "2004.01.01"]

1. d4 Nf6 2. c4 c5 3. d5 b5 4. b3 d6 5. Bg5 g6 6. Bxf6 exf6 7. Nd2 Bg7 8. Rb1
O-O 9. Ngf3 bxc4 10. bxc4 Qa5 11. Qc2 Re8 12. Qb3 Bf5 13. Qb5 Qd8 14. Rc1 Nd7
15. e3 Rb8 16. Qa4 Ne5 17. Nxe5 fxe5 18. e4 Bd7 19. Qc2 Qg5 20. g3 Rb7 21. h4
Qf6 22. Bg2 Reb8 23. Nb3 a5 24. Rb1 a4 25. Nd2 a3 26. Nb3 Bg4 27. Qd3 Rb4 28.
O-O Qd8 29. Kh2 f5 30. Bh3 Bxh3 31. Kxh3 fxe4 32. Qxe4 Qd7+ 33. Kg2 Bh6 34.
Rfe1 Ra8 35. Re2 Raa4 36. Rc2 Qc8 37. Re1 Qa6 38. Qg4 Rxc4 39. Rxc4 Rxc4 40.
Qe6+ Kf8 41. Qf6+ Kg8 42. Qe6+ Kf8 43. Qf6+ Kg8 44. Qe6+ 1/2-1/2

[Event "24. Copenhagen Open  (Politiken Cup)"]
[Site "Copenhagen"]
[Date "2002.07.26"]
[Round "11"]
[White "Jensen, Allan Astrup"]
[Black "Preuss, Flemming"]
[Result "1/2-1/2"]
[WhiteElo "2205"]
[BlackElo "2063"]
[PlyCount "33"]
[EventDate "2002.07.15"]
[EventType "swiss"]
[EventRounds "11"]
[EventCountry "DEN"]
[SourceDate "2004.01.01"]

1. e4 e5 2. Nf3 d6 3. d4 Nf6 4. Nc3 Nbd7 5. Bc4 Be7 6. O-O O-O 7. Bg5 c6 8. Bb3
Qc7 9. Re1 b6 10. h3 Bb7 11. dxe5 dxe5 12. Nh4 Nc5 13. Nf5 Bc8 14. Nxe7+ Qxe7
15. Qf3 Be6 16. Bxf6 gxf6 17. Rad1 1/2-1/2

[Event "24. Copenhagen Open  (Politiken Cup)"]
[Site "Copenhagen"]
[Date "2002.07.26"]
[Round "11"]
[White "Jorgensen, Morten"]
[Black "Opstrup, Niels"]
[Result "1/2-1/2"]
[WhiteElo "1257"]
[BlackElo "1196"]
[PlyCount "22"]
[EventDate "2002.07.15"]
[EventType "swiss"]
[EventRounds "11"]
[EventCountry "DEN"]
[SourceDate "2004.01.01"]

1. e4 d5 2. exd5 Qxd5 3. Nc3 Qa5 4. d4 Nf6 5. Bd2 c6 6. Nf3 e6 7. Bc4 Bb4 8.
O-O Nbd7 9. Qe1 O-O 10. Bb3 Bxc3 11. Bxc3 Qc7 1/2-1/2

[Event "24. Copenhagen Open  (Politiken Cup)"]
[Site "Copenhagen"]
[Date "2002.07.26"]
[Round "11"]
[White "Kjartansson, Gudmundur"]
[Black "Hansen, Poul Elgaard"]
[Result "1-0"]
[WhiteElo "2105"]
[BlackElo "2003"]
[PlyCount "55"]
[EventDate "2002.07.15"]
[EventType "swiss"]
[EventRounds "11"]
[EventCountry "DEN"]
[SourceDate "2004.01.01"]

1. d4 Nf6 2. Bg5 g6 3. Bxf6 exf6 4. e3 Bg7 5. Nf3 f5 6. c4 d5 7. cxd5 Qxd5 8.
Nc3 Qa5 9. Qb3 O-O 10. Bc4 Qb6 11. Nd5 Qxb3 12. axb3 Na6 13. Bxa6 bxa6 14. Nxc7
Rb8 15. Nd2 Rb6 16. Nd5 Rd6 17. Ne7+ Kh8 18. Nc4 Re6 19. Nxc8 Rxc8 20. d5 Ree8
21. Nd6 Bxb2 22. Rb1 Bc3+ 23. Ke2 Bb4 24. Nxc8 Rxc8 25. Rbc1 Rd8 26. Rhd1 Rd7
27. d6 Kg7 28. Rc7 1-0

[Event "24. Copenhagen Open  (Politiken Cup)"]
[Site "Copenhagen"]
[Date "2002.07.26"]
[Round "11"]
[White "Korolev, Nikolaj"]
[Black "Sylvan, Jacob"]
[Result "0-1"]
[WhiteElo "1964"]
[BlackElo "2259"]
[PlyCount "64"]
[EventDate "2002.07.15"]
[EventType "swiss"]
[EventRounds "11"]
[EventCountry "DEN"]
[SourceDate "2004.01.01"]

1. e4 c5 2. Nf3 d6 3. d4 cxd4 4. Nxd4 Nf6 5. Nc3 g6 6. Be3 Bg7 7. f3 O-O 8. Qd2
Nc6 9. Bc4 Bd7 10. O-O-O Ne5 11. Bb3 Rc8 12. h4 h5 13. Bg5 Rc5 14. Kb1 b5 15.
g4 a5 16. Bxf6 Bxf6 17. gxh5 a4 18. Bd5 e6 19. hxg6 exd5 20. Nxd5 fxg6 21. h5
g5 22. f4 Nc4 23. Qg2 Rxd5 24. exd5 Ne3 25. Qe4 Qe8 26. Qxe8 Rxe8 27. Rd3 gxf4
28. c3 Kh7 29. Kc1 Bg5 30. Rg1 Bh6 31. Nf3 Bg4 32. Nd4 f3 0-1

[Event "24. Copenhagen Open  (Politiken Cup)"]
[Site "Copenhagen"]
[Date "2002.07.26"]
[Round "11"]
[White "Kristensen, Jonas Rune"]
[Black "Christensen, Esben"]
[Result "0-1"]
[WhiteElo "1847"]
[BlackElo "2099"]
[PlyCount "71"]
[EventDate "2002.07.15"]
[EventType "swiss"]
[EventRounds "11"]
[EventCountry "DEN"]
[SourceDate "2004.01.01"]

1. d4 Nf6 2. Nf3 g6 3. Bf4 Bg7 4. e3 d6 5. h3 O-O 6. Be2 Bf5 7. O-O Nbd7 8.
Nbd2 Ne4 9. g4 Nxd2 10. Qxd2 Be4 11. Ng5 Nf6 12. Nxe4 Nxe4 13. Qd3 f5 14. gxf5
gxf5 15. f3 e5 16. fxe4 exf4 17. exf4 fxe4 18. Qxe4 Qh4 19. Bg4 Rae8 20. Qd5+
Kh8 21. c3 Re3 22. Rf3 Re2 23. Qh5 Qxh5 24. Bxh5 Rxb2 25. a4 c5 26. dxc5 dxc5
27. Ra3 Rc2 28. f5 Rd8 29. Re3 Bf6 30. Re2 Rc1+ 31. Kg2 Rd3 32. Re6 Kg7 33. Rb3
b6 34. a5 Rc2+ 35. Kf1 Rxh3 36. Bf3 0-1

[Event "24. Copenhagen Open  (Politiken Cup)"]
[Site "Copenhagen"]
[Date "2002.07.26"]
[Round "11"]
[White "Leimand, Peter Martin"]
[Black "Leimand, Hans Erik"]
[Result "1-0"]
[WhiteElo "2003"]
[BlackElo "1587"]
[PlyCount "65"]
[EventDate "2002.07.15"]
[EventType "swiss"]
[EventRounds "11"]
[EventCountry "DEN"]
[SourceDate "2004.01.01"]

1. e4 c5 2. Nc3 d6 3. g3 Nc6 4. Bg2 g6 5. d3 Bg7 6. f4 Nf6 7. Nf3 Bd7 8. h3 a6
9. g4 O-O 10. Be3 b6 11. Qd2 e5 12. f5 Nd4 13. g5 Nh5 14. f6 Nxf6 15. gxf6 Qxf6
16. Nxd4 cxd4 17. Nd5 Qd8 18. Bg5 f6 19. Bh6 Be6 20. Bxg7 Kxg7 21. O-O-O Bxd5
22. exd5 Qd7 23. h4 Qa4 24. Kb1 Rac8 25. h5 g5 26. Bh3 Rc5 27. Be6 b5 28. h6+
Kh8 29. Rhf1 Rc7 30. b3 Qa3 31. Rxf6 Rxf6 32. Qxg5 Rf8 33. Rg1 1-0

[Event "24. Copenhagen Open  (Politiken Cup)"]
[Site "Copenhagen"]
[Date "2002.07.26"]
[Round "11"]
[White "Lynge, Torben"]
[Black "Casagrande, Fabio"]
[Result "1/2-1/2"]
[WhiteElo "1669"]
[BlackElo "2035"]
[PlyCount "49"]
[EventDate "2002.07.15"]
[EventType "swiss"]
[EventRounds "11"]
[EventCountry "DEN"]
[SourceDate "2004.01.01"]

1. e4 e6 2. Qe2 Be7 3. b3 d5 4. exd5 Qxd5 5. Nc3 Qd8 6. g3 Bd7 7. Bg2 Bc6 8.
Bxc6+ Nxc6 9. Nf3 Nf6 10. Qb5 O-O 11. Bb2 Nb4 12. Rc1 a6 13. Qe2 Nfd5 14. Nxd5
exd5 15. a3 Bf6 16. Bxf6 Qxf6 17. O-O Rfe8 18. Qd1 Nc6 19. c3 Ne5 20. Nxe5 Rxe5
21. d4 Re4 22. Qd2 Rae8 23. Rfe1 Qf3 24. Rxe4 Qxe4 25. a4 1/2-1/2

[Event "24. Copenhagen Open  (Politiken Cup)"]
[Site "Copenhagen"]
[Date "2002.07.26"]
[Round "11"]
[White "Madsen, Simon Rise"]
[Black "Lie, Terje"]
[Result "1-0"]
[WhiteElo "1202"]
[BlackElo "1913"]
[PlyCount "71"]
[EventDate "2002.07.15"]
[EventType "swiss"]
[EventRounds "11"]
[EventCountry "DEN"]
[SourceDate "2004.01.01"]

1. e4 d6 2. d4 Nf6 3. Nc3 g6 4. Nf3 Bg7 5. h3 b6 6. Bc4 O-O 7. O-O Bb7 8. Re1
c5 9. d5 h6 10. Bf4 Nbd7 11. Qd2 g5 12. e5 Nh5 13. Bxg5 hxg5 14. Qxg5 dxe5 15.
Qxh5 Nf6 16. Qh4 Nd7 17. Ne4 Nf6 18. Nfg5 Re8 19. Nxf6+ exf6 20. Qh7+ Kf8 21.
Nxf7 Qc7 22. d6 Qc6 23. f3 e4 24. Rad1 exf3 25. Ne5 f2+ 26. Kxf2 Qxg2+ 27. Ke3
Rxe5+ 28. Kd3 Qf3+ 29. Kd2 Qf4+ 30. Kc3 Re3+ 31. Rxe3 Qxe3+ 32. Rd3 Qe5+ 33.
Kb3 Bd5 34. Rxd5 Qe3+ 35. Rd3 Qxd3+ 36. cxd3 1-0

[Event "24. Copenhagen Open  (Politiken Cup)"]
[Site "Copenhagen"]
[Date "2002.07.26"]
[Round "11"]
[White "Mathiesen, Erik"]
[Black "Cazzaniga, Walter"]
[Result "0-1"]
[WhiteElo "1958"]
[BlackElo "2121"]
[PlyCount "78"]
[EventDate "2002.07.15"]
[EventType "swiss"]
[EventRounds "11"]
[EventCountry "DEN"]
[SourceDate "2004.01.01"]

1. e4 e6 2. Nc3 d5 3. d4 Bb4 4. exd5 exd5 5. Bd3 Nc6 6. Nf3 Nge7 7. Bf4 Bg4 8.
h3 Bh5 9. g4 Bg6 10. Qe2 Qd7 11. O-O-O Bxc3 12. bxc3 O-O-O 13. Bb5 f6 14. Kd2
Rhe8 15. Rhe1 Nf5 16. Qf1 Nd6 17. Bxd6 Qxd6 18. Bxc6 Qxc6 19. Rxe8 Rxe8 20. Re1
Be4 21. Re3 Qa4 22. Qb1 Re6 23. Qb3 Qa6 24. Qb4 Qf1 25. Re2 Qxh3 26. Qf8+ Kd7
27. Re3 Qxg4 28. Ne1 Qg5 29. Nd3 b6 30. f3 Qg2+ 31. Re2 Qxf3 32. Qf7+ Re7 33.
Qf8 Qf5 34. Nb4 Qf4+ 35. Kd1 Qd6 36. Na6 Bxc2+ 37. Kc1 Qa3+ 38. Kxc2 Rxe2+ 39.
Kd1 Qxf8 0-1

[Event "24. Copenhagen Open  (Politiken Cup)"]
[Site "Copenhagen"]
[Date "2002.07.26"]
[Round "11"]
[White "Mikkelsen, Nikolaj"]
[Black "Akesson, Joel"]
[Result "0-1"]
[WhiteElo "2120"]
[BlackElo "2234"]
[PlyCount "64"]
[EventDate "2002.07.15"]
[EventType "swiss"]
[EventRounds "11"]
[EventCountry "DEN"]
[SourceDate "2004.01.01"]

1. d4 d5 2. e4 e6 3. Nd2 Nf6 4. e5 Nfd7 5. c3 c5 6. Bd3 Nc6 7. Ne2 cxd4 8. cxd4
f6 9. exf6 Qxf6 10. Nf3 h6 11. h4 Bd6 12. a3 O-O 13. Bc2 Qe7 14. Qd3 Nf6 15.
Ng5 e5 16. Nh7 e4 17. Nxf6+ Qxf6 18. Qe3 Bg4 19. Bb3 Bxe2 20. Bxd5+ Kh8 21.
Bxc6 Bd3 22. Bd5 Qf5 23. Bb3 Qg4 24. g3 Rf3 25. Qg5 Qd7 26. Qh5 Rf5 27. Qd1
Raf8 28. Be3 Rf3 29. Rg1 Qh3 30. Qd2 Rxg3 31. O-O-O Rc8+ 32. Bc2 Rxg1 0-1